[Event "RUS-Cup7"]
[Site "Kstovo"]
[Date "1997.05.10"]
[Round "9"]
[White "Volkov, Sergey"]
[Black "Bologan, Viktor"]
[Result "1-0"]
[WhiteElo "2480"]
[BlackElo "2575"]
[Annotator "Stohl,I"]
[PlyCount "121"]
[EventDate "1997.05.01"]
[EventType "swiss"]
[EventRounds "9"]
[EventCountry "RUS"]
[SourceTitle "CBM 059"]
[Source "ChessBase"]
[SourceDate "1997.08.01"]
[SourceVersion "1"]
[SourceVersionDate "1997.08.01"]
[SourceQuality "1"]

1. d4 Nf6 2. c4 Nc6 3. Nf3 {The Knight's Tango has lost it's originality and
became just another slightly eccentric opening.} e6 4. Nc3 {Transposes into a
somewhat better line of the Nimzo-Indian (E33).} ({Interesting is Kasparov's
ambitious} 4. a3 $5 {White invets a tempo, trying to prove a Knight doesn't
belong in front of the c-pawn in d4 openings.} d5 (4... d6 5. Nc3 g6 6. e4 Bg7
7. Be2 O-O 8. O-O Re8 $5 (8... e5 {leads to an E9 King's Indian with an extra
tempo for White (a3).}) 9. Bg5 h6 10. Bh4 g5 11. Bg3 Nh5 12. d5 Nxg3 13. hxg3
exd5 14. cxd5 Ne7 15. Nd4 c5 16. dxc6 bxc6 17. Qd2 Bb7 $13 {1/2,Naumkin,
I-Titov,G/Warszawa LEG op/1992/}) (4... Ne7 $143 $6 5. Nc3 d5 6. Qc2 Nf5 7. Bg5
Be7 8. e3 h6 9. Bf4 c6 10. h3 Nd6 11. c5 Nde4 12. Nxe4 Nxe4 13. Bd3 Nf6 14. O-O
O-O 15. b4 Bd7 16. Ne5 Be8 17. a4 a6 18. Qe2 Nd7 19. b5 Nxe5 20. Bxe5 axb5 21.
axb5 Rxa1 22. Rxa1 f6 23. Bg3 e5 24. Ra7 $36 {Zaitshik,G-Gurgenidze,B/Tbilisi/
1986/}) 5. Nc3 (5. e3 g6 6. b4 $5 Bg7 7. Bb2 Ne4 8. Nbd2 f5 9. Rc1 Ne7 10. Bd3
O-O 11. O-O Bd7 12. Ne5 a6 13. Nxd7 Qxd7 14. Nf3 c6 15. Ne5 Qd6 16. Qe2 b5 17.
c5 Qc7 18. a4 Nf6 19. Ra1 g5 20. Ra3 Nd7 21. f4 Nxe5 22. dxe5 $14 {(),Neverov,
V-Bologan,V/St.Petersburg op/1995/}) 5... dxc4 $5 (5... a6 6. cxd5 exd5 7. Bg5
Be7 8. e3 h6 9. Bh4 O-O 10. Bd3 Re8 (10... Be6 11. O-O Nd7 12. Bg3 Bd6 13. Rc1
Bxg3 14. hxg3 Ne7 15. Na4 c6 16. Qc2 a5 17. b4 b5 18. Nc5 Nb6 19. bxa5 Nc4 20.
a6 Bc8 21. a4 Bxa6 22. Ra1 Qd6 23. axb5 Bxb5 24. Qc3 Qc7 25. Rfb1 Nd6 26. Bc2
$16 {Kasparov,G-Yermolinsky,A/Jerevan olm/1996/}) 11. O-O Bg4 12. h3 Be6 13.
Bc2 Nd7 14. Bg3 Nf8 15. e4 dxe4 16. Bxe4 Na5 17. b4 (17. d5 $1 $36) 17... f5
18. Bd3 Nb3 19. d5 Nxa1 20. dxe6 Bf6 21. e7 Rxe7 22. Bc4+ Kh8 23. Qxa1 b5 24.
Ba2 Qd3 25. Rc1 g5 $1 $44 {Bykhovsky,A-Kogan,A/Rishon le Zion YM/1995/}) 6. e4
Na5 7. Bxc4 Nxc4 8. Qa4+ c6 9. Qxc4 a5 10. Ne5 Be7 11. O-O O-O 12. Rd1 Qb6 13.
Be3 Qa6 14. Qxa6 Rxa6 15. f3 a4 16. Rac1 Rd8 17. Rc2 Ne8 18. Nd3 f6 19. Kf2 Kf7
20. Ke1 Ra8 21. Nc5 Bxc5 22. dxc5 Rxd1+ 23. Nxd1 e5 24. Rd2 Be6 25. g3 Nc7 26.
f4 exf4 27. gxf4 f5 $11 {Manninen,M-Benjamin,J/Rilton Cup9697/1997/}) 4... Bb4
5. Qc2 d6 6. a3 Bxc3+ 7. Qxc3 O-O 8. b4 {The most testing move.} (8. e3 $143 a5
9. b3 Re8 10. Bb2 e5 11. Qc2 Bg4 12. d5 Nb8 13. Be2 Na6 14. O-O Bh5 15. Bc3 Nc5
16. b4 Bg6 17. Qd1 Nfe4 18. Bb2 Na6 19. Qb3 Bh5 20. Qc2 f5 21. Bc3 Qf6 22. Rfc1
Nxc3 23. Qxc3 e4 24. Qxf6 gxf6 25. Nd4 Bxe2 26. Nxe2 axb4 27. Nd4 bxa3 28. Rxa3
Nc5 29. Rca1 Ra6 30. Nxf5 Rea8 $15 {[%csl Rc4] ><c4,Dreev,A-Orlov,G/New York
op/1990/}) (8. Bg5 h6 9. Bh4 g5 10. Bg3 Ne4 11. Qc2 f5 12. e3 Qf6 13. O-O-O e5
14. dxe5 dxe5 15. c5 Be6 16. Bb5 Nxg3 17. hxg3 g4 18. Nd2 Kg7 19. Bxc6 bxc6 20.
f4 exf4 21. exf4 Rfd8 22. Rhe1 Rd4 23. Nb1 Rad8 24. Nc3 Kf7 25. Rxd4 Qxd4 26.
Qe2 Re8 $11 {Hertneck,G-Titov,G/Moscow olm/1994/}) 8... e5 $5 {An enterprising
sacrifice. Black wants to profit from his lead in development by opening the
position} ({Rather passive is} 8... Re8 9. b5 Ne7 (9... Nb8 10. a4 $14) 10. g3
(10. Qc2 Ng6 11. h4 h6 12. Bb2 Ng4 13. e3 (13. h5 $5 Nf8 14. e3 $14) 13... e5
14. Bd3 exd4 15. Bxd4 N6e5 16. Bh7+ Kh8 17. Be4 Nf6 18. Rd1 Qe7 19. Nxe5 dxe5
20. Bb2 Qc5 21. O-O a6 22. bxa6 Rxa6 23. Rd2 Rb6 24. Bf3 Bd7 $15 {1/2,Hort,
V-Unzicker,W/BL/1989/}) 10... Ng6 11. Bg2 e5 12. O-O Rb8 13. Nd2 b6 14. e4 a5
15. Bb2 Nd7 16. f4 f6 17. a4 Bb7 18. Rae1 (18. Qc2 $5) 18... exd4 19. Qc2 c5
20. bxc6 Bxc6 21. Bxd4 Nc5 22. h4 Bxa4 23. Qa2 Bc6 24. h5 Nf8 25. h6 gxh6 26.
Qa1 Nfd7 27. Qd1 $44 {Tomaszewski,R-Novotny,J/Sumperk op/1990/}) 9. Bb2 $146 {
An interesting new treatment. White is not interested in a tactical fight and
simply ends his development.} (9. dxe5 $5 dxe5 $5 (9... Ne4 $2 10. Qe3 f5 11.
Bb2 Qe7 12. exd6 Qxd6 13. Rc1 Be6 14. g3 Rad8 15. Bh3 Bxc4 16. Bxf5 Nf6 17. Qc3
b5 18. O-O Ne7 19. Bd3 Bxd3 20. Rfd1 Qe6 21. Rxd3 Qxe2 22. Qb3+ Nfd5 23. Re1 {
1-0,Baburin,A-Becker,M/Berliner Sommer/1991/}) (9... Nxe5 10. Nxe5 dxe5 11.
Qxe5 (11. Bb2 Re8 12. g3 (12. Rd1 Qe7 13. e3 a5 14. Bd3 b6 15. O-O Bb7 16. Bc2
axb4 17. axb4 Ne4 18. Bxe4 Bxe4 19. f3 Bb7 20. Ra1 Rab8 $11 {Umezinwa,G-Orlov,
G/New York op/1994/}) (12. e3 Bf5 13. f3 Nh5 14. g3 Bg6 15. Be2 a5 16. bxa5 c6
17. Rd1 Qc7 18. O-O Nf6 19. Rd2 Rxa5 20. Rfd1 h6 21. Qb4 $13 {Farago,I-Motwani,
P/Forli op/1991/}) 12... Bg4 (12... Bf5 $5 13. Bg2 Be4) 13. Bg2 c6 14. h3 Bh5
15. O-O Bxe2 16. Rfe1 Bh5 17. g4 Bg6 18. Rad1 Qc7 19. Rxe5 Rad8 20. Rxd8 Qxd8
21. b5 cxb5 22. cxb5 b6 23. Bc6 Rxe5 24. Qxe5 h6 25. Bd4 $36 {[%csl Gc6,Gd4]
_|_^^,Riemersma,L-Roobol,M/NLD-sf/1994/}) 11... Re8 12. Qb2 Ng4 (12... Qd3 $5
$13) 13. Qc3 $1 a5 14. Bb2 Qg5 15. h4 Qh6 16. Rd1 axb4 17. axb4 Ra6 (17... Ra2
18. Rh3) 18. Rh3 Rf6 (18... Nxf2 $2 19. Re3 $1 Ne4 20. Rxe4 $18) 19. Bc1 $1 Qh5
20. f3 Ne5 21. g4 Nxg4 22. fxg4 Bxg4 23. Re3 Qxh4+ 24. Kd2 Ra8 25. Kc2 Bf5+ 26.
Kb3 Be6 27. Bh3 Bxh3 28. Rxh3 Qg4 29. Rf3 $16 {Browne,W-Orlov,G/USA-ch Modesto/
1995/}) 10. e3 (10. Nxe5 $142 {-9...Ne5}) 10... Re8 11. Bb2 Bg4 12. b5 e4 13.
bxc6 exf3 14. h3 Bh5 15. g4 Bg6 16. h4 Qd6 17. Rd1 Qxc6 18. h5 Rxe3+ $1 19.
fxe3 f2+ 20. Ke2 Qxh1 21. hxg6 hxg6 22. Rd4 Qh4 23. Rf4 Re8 24. Qd4 c5 $1 $44 {
Baburin,A-Nenashev,A/Novosibirsk/1989/}) 9... e4 $5 {Black is ambitious.} ({
Solid is} 9... Re8 $142 10. dxe5 (10. e3 Bg4 11. dxe5 dxe5 12. b5 Bxf3 13. gxf3
Nd4 $1 $36) 10... Nxe5 (10... dxe5 11. b5 $16) 11. Nxe5 dxe5 {-9.de5 Ne5 10.
Ne5 de5 11.Bb2}) 10. Nd2 d5 11. e3 Ne7 {[%csl Rb2][%cal Rc7c6,Rd5c4] /\dc4,c6,
ץb2} 12. b5 $1 {[] An important move, otherwise the Bb2 would be seriously
restricted.} c6 (12... a6 $142 $5 13. a4 (13. bxa6 $6 b6 14. Be2 Bxa6 $15)
13... axb5 14. axb5 (14. cxb5 $5 c6 $13) 14... Rxa1+ 15. Bxa1 c6 $11) 13. a4
Re8 14. Rc1 Be6 15. Be2 Ng6 16. O-O Nh4 $6 {Weakens White's K, but loses time.}
(16... Bg4 $142 $5 17. f3 (17. Bxg4 Nxg4 18. cxd5 cxd5 19. Qc7 Re7 $11) 17...
exf3 18. gxf3 Bh3 19. Rf2 Qe7 20. Bf1 $13) 17. bxc6 bxc6 18. g3 Ng6 19. cxd5
Bxd5 (19... cxd5 20. Ba3 $36) 20. Nc4 {[%csl Rc6] ><c6} Qd7 21. Rfd1 (21. Ne5
$143 Qh3 $1 $132) 21... h5 (21... Qh3 22. Bf1 $16) 22. Ne5 $1 Qf5 (22... Nxe5
23. dxe5 Ng4 24. e6 fxe6 25. Bxg4 hxg4 26. Qe5 $44 {[%csl Gb2,Rd5][%cal Ga1g7]
^-|^/^a1-h8}) 23. Nxc6 $16 Ng4 (23... Rac8 24. Qa5 $1 Ng4 25. Rf1 $16) 24. Qe1
Nh4 $5 {The last trick to confuse White.} (24... h4 25. h3 Nf6 26. g4 $18) 25.
gxh4 $8 (25. Ne5 Nf3+ 26. Nxf3 exf3 $44 {[%csl Rg1] עg1}) 25... Qg6 26. Kh1 $6
(26. Bxg4 $142 $5 Qxg4+ (26... Bxc6 27. Rxc6 $18) 27. Kf1 Bb3 28. Qe2 Qh3+ 29.
Ke1 $18) 26... Bxc6 27. h3 Nh6 28. Rc5 Bxa4 29. Ra1 Rab8 30. Bc3 Qe6 (30... Bd7
31. Rg5 $40) 31. Qf1 (31. Rxa4 $5 Qxh3+ 32. Kg1 Ng4 33. Bd1 Qxh4 {probably
seemed too complicated for White. A computer would probably play like this.})
31... Bd7 32. Bxh5 Qxh3+ 33. Qxh3 Bxh3 34. Kh2 Bg4 35. Bxg4 Nxg4+ 36. Kg3 Nh6
37. Rxa7 $16 Rb6 38. d5 (38. h5 $1 $16 {stops all counterplay and was more
technical.}) 38... Rg6+ 39. Kh3 Nf5 40. Rc6 Rg1 {Now the d-pawn will tie Black
up.} (40... Rd8 $142 $5 41. Rxg6 fxg6 42. Ra4 Rxd5 43. Rxe4 $16 {[%csl Rg6,Rg7]
><g7,g6}) 41. d6 Rh1+ 42. Kg4 Nh6+ (42... Nxh4 43. d7 f5+ 44. Kf4 $1 $18 (44.
Kg5 Rf8 {/\} 45. Rc8 $4 Nf3+ 46. Kf4 g5+ 47. Kg3 Rg1+ 48. Kh3 g4#)) 43. Kg3 Rd1
$8 (43... Nf5+ 44. Kf4 $1 {[%cal Rd6d7,Rc6c8] /\d7,Rc8+-}) 44. d7 Rd8 45. Rcc7
Nf5+ 46. Kf4 Ne7 (46... Nxh4 47. Kxe4 $18) 47. Ke5 $1 (47. Kxe4 $2 Nd5 48. Rc8
Nxc3+ 49. Rxc3 R1xd7 $11) 47... Rd5+ (47... Nd5 $2 48. Rc8 $18) (47... f6+ 48.
Ke6 $18) (47... Kh7 48. Bd4 $1 $18 (48. Bb4 $2 Nd5 49. Rc8 Nxb4 $1 50. Rxd8
Nc6+)) 48. Kxe4 $18 {The rest is agony.} f5+ 49. Kf3 Kf7 50. h5 $1 {[%csl Rg7]
><g7} Ng8 51. Kf4 Ne7 52. Ba5 Ke6 53. Kf3 R8xd7 (53... Rd3 54. Rcb7 R8xd7 55.
Rxd7 Rxd7 56. Rxd7 Kxd7 57. Bc3 $18) 54. Rxd7 Rxd7 55. Rxd7 Kxd7 56. Bc3 Ke6 (
56... g6 57. h6) 57. Bxg7 Kf7 58. Be5 Nd5 (58... Ke6 59. Bb2 Ng8 60. Kf4 $18)
59. Kg3 Nb4 60. Kh4 Nd3 61. f4 {[%cal Rh4g5] /\Kg5} 1-0